Nanomaterials and nanochemistry (Record no. 1210217)

MARC details
000 -LEADER
fixed length control field 01093nam a2200301Ia 4500
003 - CONTROL NUMBER IDENTIFIER
control field OSt
005 - DATE AND TIME OF LATEST TRANSACTION
control field 20221007122347.0
008 - FIXED-LENGTH DATA ELEMENTS--GENERAL INFORMATION
fixed length control field 221006b |||||||| |||| 00| 0 eng d
020 ## - INTERNATIONAL STANDARD BOOK NUMBER
International Standard Book Number 9783540729921 (hbd)
037 ## - SOURCE OF ACQUISITION
Terms of availability Textbook
040 ## - CATALOGING SOURCE
Original cataloging agency PAPL
Transcribing agency PAPL
Language of cataloging eng
041 ## - LANGUAGE CODE
Source of code eng
Language code of text/sound track or separate title eng
100 ## - MAIN ENTRY--PERSONAL NAME
Personal name Brechignac Catherine Ed.
9 (RLIN) 714118
245 #0 - TITLE STATEMENT
Title Nanomaterials and nanochemistry
Remainder of title Houdy Philippe Ed. lahmani Marcel Ed.
260 ## - PUBLICATION, DISTRIBUTION, ETC.
Place of publication, distribution, etc. Berlin
Name of publisher, distributor, etc. Springer
Date of publication, distribution, etc. 2007
300 ## - PHYSICAL DESCRIPTION
Extent xxx, 747p.
Dimensions cm.
500 ## - GENERAL NOTE
General note Includes bibliographical references.; Index 717-747p.
650 ## - SUBJECT ADDED ENTRY--TOPICAL TERM
Topical term or geographic name entry element Nanochemistry
9 (RLIN) 714119
650 ## - SUBJECT ADDED ENTRY--TOPICAL TERM
Topical term or geographic name entry element Chemistry
700 ## - ADDED ENTRY--PERSONAL NAME
Personal name Houdy Philippe Ed.
9 (RLIN) 714120
700 ## - ADDED ENTRY--PERSONAL NAME
Personal name lahmani Marcel Ed.
9 (RLIN) 714121
942 ## - ADDED ENTRY ELEMENTS (KOHA)
Classification part C21:(D), P7 Carpa
Koha item type Textbook
Source of classification or shelving scheme Colon Classification (CC)
Holdings
Withdrawn status Lost status Source of classification or shelving scheme Damaged status Not for loan Home library Current library Date acquired Source of acquisition Cost, normal purchase price Total Checkouts Full call number Barcode Date last seen Cost, replacement price Price effective from Koha item type
    Colon Classification (CC)     Department of Physics and Astrophysics Library Department of Physics and Astrophysics Library 2022-10-07 094, 12/12/2008, Insat Books & Periodicals 9733.25   C21:(D) P7 Carpa PA0006321 2022-10-07 9733.25 2022-10-07 Textbook
Copyright @ Delhi University Library System